¿Qué sabemos de la inteligencia artificial?: tabla de contenidos, número 294, 2021
Gardado en:
| Formato: | Libro |
|---|---|
| Idioma: | Spanish |
| Etiquetas: |
Engadir etiqueta
Sen Etiquetas, Sexa o primeiro en etiquetar este rexistro!
|
MARC
| LEADER | 00000nam a22000007a 4500 | ||
|---|---|---|---|
| 003 | cru IIS | ||
| 005 | 20220502112757.0 | ||
| 007 | ta | ||
| 008 | 220502s2021 ag |||p|r|||| 00| 0 spa d | ||
| 040 | |c cru IIS | ||
| 245 | 3 | |a ¿Qué sabemos de la inteligencia artificial?: |b tabla de contenidos, número 294, 2021 | |
| 505 | |a Contenido: 1.Protestas, descontento y democracia en América Latina / María Victoria Murillo . -- 2.La Turquía de Erdoğan: un autoritarismo electivo y autocrático / Ahmet Insel. -- 3.Inteligencia artificial y sesgos algorítmicos ¿Por qué deberían importarnos? / Enzo Ferrante. -- 4.Internet, algoritmos y democracia ¿Del sueño a la pesadilla? / Martín Ariel Gendler . -- 5.La desigualdad automatizada Industrialización, exclusión y colonialismo digital / Sofía Scasserra. -- 6.¿Qué es el capital cibernético? / Leonardo Fabián Sai. -- 7.Hacia un mundo digitalizado / Sebastián Sanjurjo. -- 8.La amenaza fantasma: inteligencia artificial y derechos laborales / Juan Manuel Ottaviano . -- 9.Inteligencia artificial: el derecho y el revés / Daniela Muradas Antunes. -- 10.Inteligencia artificial aplicada a la salud: luces y sombras / Carolina Martínez Elebi. -- 11.Limitar la dependencia algorítmica: impactos de la inteligencia artificial y sesgos algorítmicos / Johanna Caterina Faliero. -- 12.La democracia en la era de la inteligencia artificial / Paul Nemitz. -- 13.El socialismo, una cultura / Christophe Prochasson. | ||
| 942 | |2 ddc |c PP | ||
| 999 | |c 44202 |d 44202 | ||
| 773 | 0 | |0 19022 |9 7038 |a Fundación Friedrich Ebert |d Fundación Friedrich Ebert; Nueva Sociedad Buenos Aires, Argentina |o 22549 |t Nueva Sociedad / | |
